| 000 | 01411cac a22003495a 4500 | ||
|---|---|---|---|
| 999 |
_c5185 _d5185 |
||
| 003 | EG-ScBUE | ||
| 005 | 20210920114306.0 | ||
| 008 | 100926r20102006enka f 000 0 eng d | ||
| 020 | _a0194715582 | ||
| 020 | _a9780194715584 | ||
| 040 |
_aEG-ScBUE _beng _erda _cEG-ScBUE _dEG-ScBUE |
||
| 082 | 0 | 4 |
_a428.24 _bHAR _222 |
| 100 | 1 |
_aHarrison, Richard, _d1947- _eauthor. _919922 |
|
| 245 | 1 | 0 |
_aAcademic skills : _breading, writing and study skills. _nlevel 1, _pStudent`s book / _cRichard Harrison ; series editors Liz, John Soars. |
| 246 | 3 | 3 | _aStudent`s book |
| 250 | _aReprint edition. | ||
| 264 | 1 |
_aOxford : _bOxford University Press, _c2010. |
|
| 300 |
_a71 pages : _billustrations ; _c28 cm. |
||
| 336 |
_2rdacontent _atext _btxt |
||
| 337 |
_2rdamedia _aunmediated _bn |
||
| 338 |
_2rdacarrier _avolume _bnc |
||
| 490 | 0 | _aNew headway | |
| 520 | _aAimed at student in higher education who need English for their academic studies. Focuses on reading, writing and study skills, including those required for vocabulary development and for undertaking research. | ||
| 590 | _arana | ||
| 650 | 7 |
_aEnglish language _xStudy and teaching (Higher) _xForeign speakers. _2BUEsh _919923 |
|
| 653 |
_bHHUUEENN _cJuly2019 |
||
| 655 |
_vReading book _934232 |
||
| 700 | 1 |
_aSoars, John, _d1951- _eeditor. _919925 |
|
| 700 | 1 |
_aSoars, Liz, _d1945- _eeditor. _919926 |
|
| 942 |
_cBB _k428.24HAR _2ddc |
||